| Tag |
First Indicator |
Second Indicator |
Subfields |
| LEADER |
00000cam a2200000 a 4500 |
| 001 |
in00000023786 |
| 005 |
20151007054327.0 |
| 007 |
he bmb||||||| |
| 008 |
860501r19861977orua bb 00010 eng d |
| 035 |
|
|
|a (OCoLC)13515324
|
| 035 |
|
|
|9 AAB4704AM
|
| 040 |
|
|
|a ORU
|c MIA
|d MIA
|d HPE
|d OCL
|d TXA
|d UtOrBLW
|
| 043 |
|
|
|a n-us-la
|
| 049 |
|
|
|a TXAI
|
| 099 |
|
|
|a fiche
|a C
|a 9407
|
| 100 |
1 |
|
|a Cleveland, James E.,
|d 1927-
|
| 245 |
1 |
0 |
|a Spring football policies in the United States and the status of the program in Louisiana for the school year 1976-1977 /
|c by James E. Cleveland.
|
| 264 |
|
1 |
|a [Place of publication not identified] :
|b [publisher not identified] ;
|c 1977.
|
| 300 |
|
|
|a xvi, 230 leaves :
|b illustrations
|
| 336 |
|
|
|a text
|b txt
|2 rdacontent
|
| 337 |
|
|
|a microform
|b h
|2 rdamedia
|
| 338 |
|
|
|a microfiche
|b he
|2 rdacarrier
|
| 502 |
|
|
|b Ed. D.
|c Northwestern State University of Louisiana
|d 1977.
|
| 500 |
|
|
|a Vita.
|
| 504 |
|
|
|a Bibliography: leaves 202-208.
|
| 533 |
|
|
|a Microfiche.
|b Eugene :
|c Microform Publications, College of Human Development and Performance, University of Oregon,
|d 1986.
|e 3 microfiches : negative ; 11 x 15 cm.
|
| 500 |
|
|
|a Microform.
|
| 650 |
|
0 |
|a Football
|x Training.
|
| 650 |
|
0 |
|a School sports
|z Louisiana.
|
| 650 |
|
0 |
|a Coaches (Athletics)
|z Louisiana.
|
| 999 |
|
|
|a MARS
|
| 999 |
f |
f |
|s ae986243-9c2a-3c71-9c9e-00c1cd30c2d6
|i 4e86d63a-e802-33de-b1e1-5ed5079565ec
|t 0
|
| 952 |
f |
f |
|p normal
|a Texas A&M University
|b College Station
|c Sterling C. Evans Library
|d Evans: Microforms (3rd floor)
|t 0
|e fiche C 9407
|h Other scheme
|i microform -- microfiche
|m A14823241020
|
| 998 |
f |
f |
|a fiche C 9407
|t 0
|l Evans: Microforms (3rd floor)
|